000 00232nam a2200097Ia 4500
001 730147
005 20250826163709.0
008 250824s9999 xx 000 0 und d
245 0 _aGİZEMLİ EFSANE
_cÖZGÜR GEZ
260 _bATLIKARINCA
999 _c730147
_d730147